Dear Alex, break na kami paano?! (Record no. 9549)

MARC details
000 -LEADER
fixed length control field 00555nam a22001697a 4500
003 - CONTROL NUMBER IDENTIFIER
control field OSt
005 - DATE AND TIME OF LATEST TRANSACTION
control field 20260421045945.0
008 - FIXED-LENGTH DATA ELEMENTS--GENERAL INFORMATION
fixed length control field 260421b |||||||| |||| 00| 0 eng d
020 ## - INTERNATIONAL STANDARD BOOK NUMBER
International Standard Book Number 978-971-550-861-2
040 ## - CATALOGING SOURCE
Original cataloging agency DWC-Main Lib.
Transcribing agency OC
082 ## - DEWEY DECIMAL CLASSIFICATION NUMBER
Classification number Fil. 306.73 G64d 2014
100 ## - MAIN ENTRY--PERSONAL NAME
Personal name Gonzaga, Alex
245 ## - TITLE STATEMENT
Title Dear Alex, break na kami paano?!
Remainder of title love Catherine/
Statement of responsibility, etc. Alex Gonzaga
260 ## - PUBLICATION, DISTRIBUTION, ETC.
Place of publication, distribution, etc. Manila , Philippines :
Name of publisher, distributor, etc. ABS- CBN publishing , Inc. ,
Date of publication, distribution, etc. c2014.
300 ## - PHYSICAL DESCRIPTION
Extent ix , 142 pages :
Other physical details color illustrations ;
Dimensions 21cm.
942 ## - ADDED ENTRY ELEMENTS (KOHA)
Source of classification or shelving scheme Dewey Decimal Classification
Koha item type Book-Filipiniana
Classification part Fil.
Suppress in OPAC No
952 ## - LOCATION AND ITEM INFORMATION (KOHA)
--
Holdings
Withdrawn status Lost status Source of classification or shelving scheme Damaged status Not for loan Home library Current library Shelving location Date acquired Source of acquisition Total Checkouts Full call number Barcode Date last seen Copy number Price effective from Koha item type Uniform Resource Identifier
    Dewey Decimal Classification     College Library College Library Filipiniana 08/09/2019 School Fund   Fil. 306.73 G64d 2014 CL52060 04/21/2026 c1 04/21/2026 BK-FIL